Statistics for Detroit Pistons Top 10 Leaders Playoffs

Click here to take the quiz!

General Stats

  • This quiz has been taken 262 times
  • The average score is 11 of 17

Answer Stats

Answer% Correct
Isiah Thomas
99%
Ben Wallace
95%
Rasheed Wallace
94%
Joe Dumars
91%
Chauncey Billups
90%
Bill Laimbeer
89%
Richard Hamilton
83%
Dennis Rodman
77%
Tayshaun Prince
72%
Bob Lanier
66%
Vinnie Johnson
53%
John Salley
44%
Rick Mahorn
40%
Lindsey Hunter
27%
Larry Foust
17%
Antonio McDyess
16%
Andy Phillip
5%

Score Distribution

Percentile by Number Answered

Percent of People with Each Score

Your Score History

You have not taken this quiz